000 00996nam a22003493 4500
001 19970
003 SK-KTurca
005 20251219180810.0
008 250709s2025 xo d 000 f slo d
020 _a9788055672991
_q(viazané)
035 _aa000773616
040 _aUKB
_bslo
_dUKB
_erda
041 0 _aslo
044 _axo
_cSK
072 7 _a821.162.4-3
_xSlovenská próza
_2konspekt
080 _a821.162.4-31
_22011
080 _a(0:82-312.4)
_22011
100 1 _aDán, Dominik,
_d1955-
_4aut
245 1 0 _aDenník dobrého detektíva
_pPodaj prst
_cDominik Dán
246 3 0 _aPodaj prst
250 _aPrvé vydanie
264 1 _aBratislava
_bSlovart
_c2025
300 _a294 strán
336 _atext
_btxt
_2rdacontent
337 _abez média
_bn
_2rdamedia
338 _azväzok
_bnc
_2rdacarrier
490 1 _aSlovenské top krimi
655 7 _aslovenské romány
_2UKBPH
655 7 _adetektívne romány
_2UKBPH
830 0 _aSlovenské top krimi
942 _2ddc
_cKLDO
_n0
999 _c19970
_d19970